00553nam a2200169Ia 4500001001000000003000500010008004100015010001100056040000900067082002100076111006600097245005900163260003600222300001100258650007500269710003900344Para_2878CHAP220125s1988 xx 000 0 und d a201411 cCHAP aPA 632.7 M4 1988 aMesa Redonda sobre Plagas del Suelo (3: 1988: Morelia, Mich.) a[Memorias] /c por Sociedad Mexicana de Entomología aMorelia, Mich. :b La Sociedad a292 p. aInsectos parásitos y predadores Suelos x Fauna Cultivos x Plagas aSociedad Mexicana de Entomología